00237nam a2200073Ia 4500008004100000082000800041100001700049245009700066240331s9999 xx 000 0 und d bTRA aHeyzer,N. ed 4aThe trade in domestic workers causes, mechanisms and consequences of International migration